|
|
|
|
| LEADER |
00000naa a2200000uu 4500 |
| 001 |
vtls011034059 |
| 003 |
SK-MaSNL |
| 005 |
20260302124811.0 |
| 008 |
210907|2002 xo |||||||||||||||||eng| |
| 015 |
|
|
|a SNBRA
|
| 035 |
|
|
|a (urnnbn)urn:nbn:sk:snk:ar-008sjp
|
| 035 |
|
|
|a (uuid)49371575-e8cf-4f93-bf45-9296d0186eed
|
| 035 |
|
|
|a urn:nbn:sk:snk-aauodt
|
| 040 |
|
|
|a SNKBUCL
|b slo
|c SNKBUCL
|e AACR2
|
| 041 |
0 |
|
|a eng
|
| 044 |
|
|
|a xo
|c SK
|
| 100 |
1 |
|
|a Mościcki, W.
|4 aut
|9 811153
|
| 245 |
1 |
0 |
|a Modelling, computer simulation and experimental research of design features of miniature toothed gears
|c W. Mościcki, W. Czerwiec
|
| 700 |
1 |
|
|a Czerwiec, W.
|4 aut
|9 811154
|
| 773 |
0 |
|
|t Dynamics of Gear Drives
|d In Bratislava : Slovak University of Technology, 2002
|g S. 34
|z 8022717088
|
| 958 |
|
|
|a OND
|
| 958 |
|
|
|a article12
|
| 958 |
|
|
|a chapter
|
| 999 |
|
|
|c 1290175
|d 1292105
|